000 00312nam a22001337a 4500
008 170713b xxu||||| |||| 00| 0 eng d
020 _a9787801031983
041 _aeng
080 _a038
100 _a23
101 _aFJA
245 _aXINHUA DICTIONARY WITH ENGLISH TRANLASTION
_cNAIQIANG,Y
942 _2udc
_cBK
999 _c20446
_d20446